00458 2200157 4500245005600000020002200056250001000078100001500088700001800103005001900121260008700140041001400227084001000241300004000251336000900291 aBerlibur ke Pesisir Barat LampungcErminawatihText a978-602-244-156-4 aCet.1 aErminawati aMalikul Falah a20240926093043 aJakartabPusat Kurikulum dan Perbukuan Kementerian Pendidikan dan Kebudayaanc2018 aIndonesia a741.5 aiv. 20 hlm :bilus. ;c21 x 29,7 cm atext